• 首页
  • 本馆介绍
  • 公告通知
  • 最新文献
  • 馆藏检索
  • 电子资源
  • 读者导购
  • 参考咨询
  • 我的图书馆
  • 登录
  • 详细信息显示
  • 放入我的书架
  • 预约/预借图书
  • 作者相关作品
  • 分类相关作品
  • 丛书相关作品
  • 出版社相关作品

书目信息

  • 表格格式
  • 工作单格式
  • 卡片格式
题名:
中国大都市郊区化
    
 
作者: 杨忠伟 , 范凌云 编著
分册:  
出版信息: 北京   化学工业出版社  2006
页数: 220页
开本: 24cm
丛书名:
单 册:
中图分类: F291.1
科图分类:
主题词: 郊区--城市化--研究--中国 , 郊区 , 城市化
电子资源:
ISBN: 7-5025-8531-1
000 01064nam0 2200277 450
001 012007243310
005 20070517114026.23
010    @a7-5025-8531-1@dCNY38.00
100    @a20070512d2006 km y0chiy0120 ea
101 0  @achi
102    @aCN@b110000
105    @aab z 000yy
106    @ar
200 1  @a中国大都市郊区化@Azhong guo da du shi jiao qu hua@f杨忠伟,范凌云编著@Fyang zhong wei,fan ling yun bian zhu
210    @a北京@c化学工业出版社@d2006
215    @a220页@c图,地图@d24cm
330    @a本书介绍了国际上郊区化研究的理论基础,国外大都市郊区化概况,中国大都市发展与都市区的形成,并以上海为重点,结合建设部项目研究成果,对上海大都市城市化历程、郊区化现状、郊区化空间布局、郊区化的发展趋势及对策进行了深入的分析。
510 1  @aSuburbanization of megalopolis in China@zeng
606 0  @a郊区@x城市化@x研究@y中国
606 0  @a郊区
606 0  @a城市化
690    @aF291.1@v4
701  0 @a杨忠伟@Ayang zhong wei@f(1957~)@4编著
701  0 @a范凌云@Afan ling yun@c(女,@f1976~)@4编著
801  0 @aCN@bRULIN@c20070517
905    @dF291.1@e492@s8
    
    中国大都市郊区化/杨忠伟,范凌云编著.-北京:化学工业出版社,2006
    220页:图,地图;24cm
    
    
    ISBN 7-5025-8531-1:CNY38.00
    本书介绍了国际上郊区化研究的理论基础,国外大都市郊区化概况,中国大都市发展与都市区的形成,并以上海为重点,结合建设部项目研究成果,对上海大都市城市化历程、郊区化现状、郊区化空间布局、郊区化的发展趋势及对策进行了深入的分析。
●
相关链接 在E读中查询图书 在五车中查询图书 在当当中查询图书 在豆瓣中查询图书


正题名:中国大都市郊区化     索取号:F291.1/492         预约/预借

序号 登录号 条形码 馆藏地/架位号 状态 备注
1 0574659   205746594   第一样本阅览室/ [索取号:F291.1/492] 在馆    
2 0574660   205746601   密集书库/ [索取号:F291.1/492] 在馆    
3 0574661   205746610   密集书库/ [索取号:F291.1/492] 在馆    
4 0574662   205746629   密集书库/ [索取号:F291.1/492] 在馆    
5 0574663   205746638   第一借阅区/ [索取号:F291.1/492] 在馆    
6 0574664   205746647   第一借阅区/ [索取号:F291.1/492] 在馆    
7 0574665   205746656   第一借阅区/ [索取号:F291.1/492] 在馆    
8 0574666   205746665   第一借阅区/ [索取号:F291.1/492] 在馆    
唐山师范学院图书馆 欢迎您!
大连网信软件有限公司© 版权所有